000 00857nam a2200241 a 4500
999 _c12352
_d12352
001 12352
003 BD-JhCC
005 20211104083253.0
008 211104b2018 bg a|||| ||a| 000 0 Ben d
020 _a9789848471647
035 _a(BD-JhCC)12352
040 _aBD-JhCC
_dBD-JhCC
041 _abengali
082 _a909.097671
_bHAN 2018
100 _aহান্নান, শাহ্ আব্দুল
245 _aউন্নত চিন্তা মহৎ জীবন আদর্শ সমাজ /
_cশাহ্ আব্দুল হান্নান।
260 _aঢাকা:
_bবাংলাদেশ ইনস্টিটিউট অব ইসলামিক থ্যট;
_c২০১৮.
300 _a269 p. :
_bill;
_c22 cm.
650 _aIslamic sociology
650 _aIslam and State
942 _2ddc
_cBK